MARC details
| 000 -LEADER |
| fixed length control field |
02298cam a22004334a 4500 |
| 001 - CONTROL NUMBER |
| control field |
muse83431 |
| 003 - CONTROL NUMBER IDENTIFIER |
| control field |
MdBmJHUP |
| 005 - DATE AND TIME OF LATEST TRANSACTION |
| control field |
20210127151526.0 |
| 006 - FIXED-LENGTH DATA ELEMENTS--ADDITIONAL MATERIAL CHARACTERISTICS |
| fixed length control field |
m o d |
| 007 - PHYSICAL DESCRIPTION FIXED FIELD--GENERAL INFORMATION |
| fixed length control field |
cr||||||||nn|n |
| 008 - FIXED-LENGTH DATA ELEMENTS--GENERAL INFORMATION |
| fixed length control field |
190729s2020 flu o 00 0 eng d |
| 010 ## - LIBRARY OF CONGRESS CONTROL NUMBER |
| Canceled/invalid LC control number |
2019032962 |
| 020 ## - INTERNATIONAL STANDARD BOOK NUMBER |
| International Standard Book Number |
9780813065663 |
| 020 ## - INTERNATIONAL STANDARD BOOK NUMBER |
| Canceled/invalid ISBN |
9780813066325 |
| 035 ## - SYSTEM CONTROL NUMBER |
| System control number |
(OCoLC)1112141139 |
| 040 ## - CATALOGING SOURCE |
| Original cataloging agency |
MdBmJHUP |
| Transcribing agency |
MdBmJHUP |
| 050 04 - LIBRARY OF CONGRESS CALL NUMBER |
| Classification number |
PR6019.O9 |
| Item number |
Z7183 2020 |
| 082 0# - DEWEY DECIMAL CLASSIFICATION NUMBER |
| Classification number |
823/.912 |
| Edition number |
23 |
| 100 1# - MAIN ENTRY--PERSONAL NAME |
| Personal name |
MacDuff, Sangam, |
| Relator term |
author. |
| 245 10 - TITLE STATEMENT |
| Title |
Panepiphanal World |
| Remainder of title |
James Joyce's Epiphanies / |
| Statement of responsibility, etc. |
by Sangam MacDuff ; foreword by Sebastian D.G. Knowles. |
| 300 ## - PHYSICAL DESCRIPTION |
| Extent |
1 online resource (pages cm) |
| 490 0# - SERIES STATEMENT |
| Series statement |
The Florida James Joyce series |
| 504 ## - BIBLIOGRAPHY, ETC. NOTE |
| Bibliography, etc. note |
Includes bibliographical references and index. |
| 505 0# - FORMATTED CONTENTS NOTE |
| Formatted contents note |
Introduction -- From Genesis to Joyce: A Brief History of Epiphany -- "Remember your epiphanies . . . deeply deep" -- Silence and Repetition in Dubliners -- "A day of dappled seaborne clouds": A Portrait of the Artist's Epiphany -- Permutations of Epiphany in Ulysses -- The Panepiphanal World of Finnegans Wake -- Conclusion -- Appendix: Epiphanies in Joyce's Work |
| 506 0# - RESTRICTIONS ON ACCESS NOTE |
| Terms governing access |
Open Access |
| Standardized terminology for access restriction |
Unrestricted online access |
| Source of term |
star |
| 520 ## - SUMMARY, ETC. |
| Summary, etc. |
"This book is the first in-depth study of the forty short texts James Joyce called "epiphanies." Sangam MacDuff argues that the epiphanies are an important point of origin for Joyce's entire body of work, showing how they shaped the structure, style, and language of his later writings"-- |
| Assigning source |
Provided by publisher. |
| 588 ## - SOURCE OF DESCRIPTION NOTE |
| Source of description note |
Description based on print version record. |
| 600 11 - SUBJECT ADDED ENTRY--PERSONAL NAME |
| Personal name |
Joyce, James, |
| Dates associated with a name |
1882-1941 |
| General subdivision |
Criticism and interpretation. |
| 655 #7 - INDEX TERM--GENRE/FORM |
| Genre/form data or focus term |
Electronic books. |
| Source of term |
local |
| 700 1# - ADDED ENTRY--PERSONAL NAME |
| Personal name |
Knowles, Sebastian D. G. |
| Fuller form of name |
(Sebastian David Guy), |
| Relator term |
author of foreword. |
| 776 18 - ADDITIONAL PHYSICAL FORM ENTRY |
| Relationship information |
Online version: |
| Title |
Panepiphanal world |
| Place, publisher, and date of publication |
Gainesville : University Press of Florida, 2020. |
| International Standard Book Number |
9780813057439 |
| Record control number |
(DLC) 2019032963 |
| 710 2# - ADDED ENTRY--CORPORATE NAME |
| Corporate name or jurisdiction name as entry element |
Project Muse. |
| Relator term |
distributor |
| 830 #0 - SERIES ADDED ENTRY--UNIFORM TITLE |
| Uniform title |
Florida James Joyce series. |
| 830 #0 - SERIES ADDED ENTRY--UNIFORM TITLE |
| Uniform title |
Book collections on Project MUSE. |
| 856 40 - ELECTRONIC LOCATION AND ACCESS |
| Public note |
Full text available: |
| Uniform Resource Identifier |
<a href="https://muse.jhu.edu/book/74110/">https://muse.jhu.edu/book/74110/</a> |